Statistics for Hottest Chilies In The World

Click here to take the quiz!

General Stats

  • This quiz has been taken 40 times
  • The average score is 2 of 10

Answer Stats

HintAnswer% Correct
5.Bhut Jolokia
85%
10.Chocolate Habanero
65%
1.Carolina Reaper
26%
6.7 Pot Primo
9%
2.Trinidad Moruga Scorpion
9%
4.Trinidad Scorpion Butch T
6%
9.Bedfordshire Super Naga
3%
7.Infinity Chili
3%
3.Naga Viper
3%
8.Naga Morich
0%

Score Distribution

Percentile by Number Answered

Percent of People with Each Score

Your Score History

You have not taken this quiz